Statistics for County Seats Of Wisconsin

Click here to take the quiz!

General Stats

  • This quiz has been taken 28 times
  • The average score is 34 of 72

Answer Stats

CountySeat% Correct
BrownGreen Bay
100%
DaneMadison
100%
__ ______La Crosse
90%
_________Milwaukee
90%
OutagamieAppleton
80%
___ ______Eau Claire
80%
____ __ ___Fond du Lac
80%
_______Kenosha
80%
WinnebagoOshkosh
80%
______Racine
80%
DouglasSuperior
80%
MarathonWausau
80%
RockJanesville
70%
_________Sheboygan
70%
________Waukesha
70%
_________Manitowoc
60%
DunnMenomonie
60%
ColumbiaPortage
60%
OzaukeePort Washington
60%
OneidaRhinelander
60%
PortageStevens Point
60%
WoodWisconsin Rapids
60%
_______Ashland
50%
Chippewa
Chippewa Falls
50%
AdamsFriendship
50%
DodgeJuneau
50%
GreenMonroe
50%
DoorSturgeon Bay
50%
LangladeAntigo
40%
SaukBaraboo
40%
CalumetChilton
40%
ForestCrandon
40%
VilasEagle River
40%
________Florence
40%
_____ ____Green Lake
40%
St. CroixHudson
40%
IronHurley
40%
MenomineeKeshena
40%
RuskLadysmith
40%
TaylorMedford
40%
LincolnMerrill
40%
MarquetteMontello
40%
ClarkNeillsville
40%
MonroeSparta
40%
BayfieldWashburn
40%
WausharaWautoma
40%
BuffaloAlma
30%
IowaDodgeville
30%
WalworthElkhorn
30%
_________Jefferson
30%
________Kewaunee
30%
GrantLancaster
30%
_________Marinette
30%
JuneauMauston
30%
______Oconto
30%
PricePhillips
30%
CrawfordPrairie du Chien
30%
________Richland Center
30%
_______Shawano
30%
WashburnShell Lake
30%
VernonViroqua
30%
_______Waupaca
30%
WashingtonWest Bend
30%
TrempealeauWhitehall
30%
PolkBalsam Lake
20%
______Barron
20%
JacksonBlack River Falls
20%
LafayetteDarlington
20%
PepinDurand
20%
PierceEllsworth
20%
SawyerHayward
20%
BurnettSiren
20%

Score Distribution

Percentile by Number Answered

Percent of People with Each Score

Your Score History

You have not taken this quiz